| 000 | 00596nam a2200193Ia 4500 | ||
|---|---|---|---|
| 003 | GCL | ||
| 008 | 140319s9999 xx 000 0 ara d | ||
| 040 |
_aGCL / _cGCL |
||
| 082 | 0 | 4 |
_a891.4 _bط م |
| 100 | 1 | _aطاهر الجبلاوى | |
| 245 | 1 | 0 |
_aمختارات من طاغور / _cطاهر الجبلاوى |
| 300 | _a190 ص | ||
| 490 |
_aالالف كتاب _v0 |
||
| 650 | 0 | 4 | _aالشعر الهندى المترجم |
| 650 | 0 | 4 | _aالادب الهندى المترجم |
| 650 | 0 | 4 | _aطاغور، ارابندرانات |
| 650 | 0 | 4 | _aالادباء الهنديون |
| 942 |
_2ddc _cBK |
||
| 999 |
_c49620 _d49620 |
||